Obras completas castellanas de Fray Luis de León /
Guardado en:
| Autor principal: | |
|---|---|
| Otros autores: | |
| Formato: | Libro |
| Idioma: | Español |
| Colección: | (Biblioteca de Autores Cristianos ; Literatura y Arte)
3. |
| Temas: | |
| Etiquetas: |
Sin etiquetas, Sé el primero en etiquetar este registro!
|
MARC
| LEADER | 00000nam^a2200000^a^4500 | ||
|---|---|---|---|
| 001 | 000185830 | ||
| 005 | 20250521000000.0 | ||
| 009 | 20260310102205.562 | ||
| 037 | |a Acervo ITESO - Biblioteca | ||
| 041 | |a ESP | ||
| 082 | |a 200. |b BAC V. 3 | ||
| 100 | |a León, Luis de, |c Fray |e (autor) | ||
| 245 | 1 | 0 | |a Obras completas castellanas de Fray Luis de León / |c L. de León ; ed. y notas de F. García Vielba. |
| 264 | |a Madrid, España : |b Editorial Católica, |c 1944 | ||
| 300 | |a XXXVI, 1694 p. | ||
| 336 | |a texto |b txt |2 rdacontenido | ||
| 337 | |a sin mediación |b n |2 rdamedio | ||
| 338 | |a volumen |b nc |2 rdasoporte | ||
| 440 | 1 | |a (Biblioteca de Autores Cristianos ; |v 3. |p Literatura y Arte) | |
| 545 | 0 | |a Fray Luis de León nació en Belmonte, Cuenca en 1527 y murió en Madrigal, Avila en 1591. A los catorce años ingresó en el convento de San Agustín de Salamanca, en cuya orden profesó en 1544. Catedrático de Biblia, se dice que su poderoso razonar en defensa del texto sagrado irritaba a sus oponentes, quienes se aliaban al celo inquisitorial para acusarlo. Por tal motivo estuvo preso de 1572 a 1576. Fue un típico hombre del Renacimiento con un saber enciclopédico y un dominio erudito de las lenguas clásicas y orientales. En la escritura se muestra como un prosista eminente y, a la vez, como uno de los más grandes poetas de su tiempo. | |
| 649 | |a XX | ||
| 650 | |a Mujeres en la Literatura | ||
| 650 | |a Jesucristo en la Literatura | ||
| 650 | |a Dios en la Literatura | ||
| 650 | |a Poesía Española | ||
| 650 | |a Poesía Religiosa - |z España | ||
| 650 | |a Ensayos Españoles | ||
| 650 | |a Diálogos Españoles | ||
| 650 | |a Literatura Española - |y Siglo XVI | ||
| 650 | |a Literatura Española - |y Epoca Clásica, 1500-1700 | ||
| 650 | |a Misticismo en la Literatura - |z España | ||
| 650 | |a Literatura Religiosa - |z España | ||
| 650 | |a Religión y Literatura - |z España | ||
| 650 | |a Literatura Didáctica - |z España | ||
| 650 | |a Virtudes | ||
| 650 | |a Etica Cristiana | ||
| 650 | |a Jesucristo - |x Nombre | ||
| 650 | |a Dios | ||
| 650 | |a Teología Doctrinal | ||
| 650 | |a Biblia - |x Nombres | ||
| 650 | |a Biblia - |x Antiguo Testamento - |x Libros Poéticos y Sapienciales - |x Job - |x Historia y Crítica | ||
| 650 | |a Biblia - |x Antiguo Testamento - |x Libros Poéticos y Sapienciales - |x Cantar de los Cantares - |x Historia y Crítica | ||
| 650 | |a Cristianismo | ||
| 700 | |a García Vielba, Félix |e (edición) | ||
| 910 | |a Fondo Armando Suárez Gómez | ||
| 920 | |a Impresos - Libros | ||
| 930 | |a Fondos Especiales | ||
| 905 | |a 111 | ||
| 901 | |a 0700005824 |b IT2 |c ESP |u 20250521 | ||
| 902 | |a https://opac.biblio.iteso.mx/vufind/Record/000185830 | ||